| 000 | 00847nam a2200217Ia 4500 | ||
|---|---|---|---|
| 008 | 0000001994 usa 0000000000eng00 | ||
| 020 | _a932075398 | ||
| 090 | _aPUS00 G17a | ||
| 100 | 1 |
_aGarcía, Rupert _d1941 |
|
| 245 | 1 | 0 |
_aAspects of resistence _b: Rupert Garcia _c/ editor Andrew Perchuk |
| 300 |
_a48 p. _c/ 21 cm. |
||
| 500 | _aExposición realizada en Alternative Museum, Nueva York, Diciembre 7, 1993 Febrero 19, 1994 \ Con el patronazgo del maestro venezolano Jesús Rafael Soto (q.e.p.d.) | ||
| 600 | 0 | 0 |
_aGARCIA, RUPERT, 1941 / _xTRABAJOS PICTORICOS |
| 650 | 1 | 4 | _aARTE CONTEMPORANEO ESTADOUNIDENSE |
| 650 | 1 | 4 | _xCATALOGOS |
| 650 | 1 | 4 | _xEXPOSICIONES |
| 650 | 1 | 4 | _aPINTORES ESTADOUNIDENSES |
| 650 | 1 | 4 | _aPINTURA ESTADOUNIDENSE |
| 700 | 1 | _aPerchuk, Andrew, ed. | |
| 999 |
_c1846 _d1846 |
||
| 260 |
_aNew York : Alternative Museum _c1994 |
||